Score 0/38 Timer 07:00
1 Play Today
% Correct
Hamlet
92.4%
Romeo and Juliet
92%
Macbeth
88.1%
Othello
83.9%
Henry V
82.4%
A Midsummer Night's Dream
81.8%
King Lear
79.5%
Richard II
76.7%
The Tempest
72.7%
Julius Caesar
72%
Richard III
71.7%
The Merchant of Venice
70%
2 Henry VI
69.3%
1 Henry VI
69.2%
3 Henry VI
68.1%
Antony and Cleopatra
67.6%
Henry VIII
67.5%
The Taming of the Shrew
67.1%
2 Henry IV
65.8%
% Correct
1 Henry IV
65.7%
Twelfth Night
64.7%
Much Ado About Nothing
64.1%
The Merry Wives of Windsor
59.2%
As You Like It
59.1%
The Two Gentlemen of Verona
58.5%
Titus Andronicus
58.1%
King John
56.6%
All's Well That Ends Well
54.9%
The Winter's Tale
53%
Love's Labour's Lost
51%
Coriolanus
50.3%
Troilus and Cressida
48.7%
Timon of Athens
46.7%
A Comedy of Errors
44.7%
Cymbeline
44.2%
Measure for Measure
43.6%
Pericles
40%
The Two Noble Kinsmen
29%
Remove Ads.
Support Sporcle.
Get the best of Sporcle when you Go Orange. This ad-free experience offers more features, more stats, and more fun while also helping to support Sporcle. Thank you for becoming a member.

You're not logged in!

Compare scores with friends on all Sporcle quizzes.
OR
Log In

Show Comments

Extras

Top Quizzes Today


Score Distribution

Your Account Isn't Verified!

In order to create a playlist on Sporcle, you need to verify the email address you used during registration. Go to your Sporcle Settings to finish the process.

Report this User

Report this user for behavior that violates our Community Guidelines.

Details: